[Event "CRO-chT2 Center"]
[Site "Zagreb"]
[Date "2012.10.28"]
[Round "11.45"]
[White "Rubil, Marko"]
[Black "Hibner, Branko"]
[Result "1-0"]
[WhiteElo "2177"]
[BlackElo "2025"]
[PlyCount "85"]
[EventDate "2012.03.18"]
[EventType "team-swiss"]
[EventRounds "11"]
[EventCountry "CRO"]
[SourceTitle "EXT 2019"]
[Source "ChessBase"]
[SourceDate "2018.10.10"]
[SourceVersion "1"]
[SourceVersionDate "2018.10.10"]
[SourceQuality "1"]

1. e4 c5 2. Nf3 Nc6 3. d4 cxd4 4. Nxd4 Nf6 5. Nc3 e6 6. Ndb5 d6 7. Bf4 e5 8. Bg5 a6 9. Na3 Be6 10. Nc4 Rc8 11. Bxf6 gxf6 12. Nd5 Bxd5 13. Qxd5 Nd4 14. Bd3 b5 15. Ne3 Qa5+ 16. Kf1 Qb6 17. c3 Ne6 18. g3 Be7 19. Nf5 Qc6 20. Qxc6+ Rxc6 21. a4 Nc7 22. axb5 axb5 23. Ra8+ Nxa8 24. Bxb5 Kd7 25. Nxe7 Kxe7 26. Bxc6 Nc7 27. Ke2 Rb8 28. Rb1 Rb6 29. Ba4 f5 30. exf5 d5 31. Bc2 Kd6 32. Kd2 Ne8 33. b4 h6 34. Ra1 Nc7 35. Ra7 f6 36. Ra5 Rc6 37. Bd3 e4 38. Be2 Ke5 39. Bg4 Rd6 40. Ra7 Rc6 41. b5 Rc5 42. b6 Nb5 43. b7 1-0

[Event "Velika Gorica op 10th"]
[Site "Velika Gorica"]
[Date "2012.08.27"]
[Round "7"]
[White "Basaric, Srdjan"]
[Black "Hibner, Branko"]
[Result "1-0"]
[WhiteElo "2201"]
[BlackElo "2025"]
[PlyCount "55"]
[EventDate "2012.08.20"]
[EventType "swiss"]
[EventRounds "9"]
[EventCountry "CRO"]
[SourceTitle "CBM 150 Extra"]
[Source "ChessBase"]
[SourceDate "2012.10.19"]
[SourceVersion "1"]
[SourceVersionDate "2012.10.19"]
[SourceQuality "1"]

1. e4 c5 2. Nc3 Nc6 3. g3 g6 4. Bg2 Bg7 5. d3 e6 6. Be3 d6 7. Qd2 a6 8. h3 Qc7 9. Nge2 Nd4 10. Nc1 b5 11. 0-0 Bb7 12. Nd1 Ne7 13. c3 Ndc6 14. Ne2 0-0 15. Rc1 Qd7 16. f4 f6 17. Nf2 Rfd8 18. Rcd1 Qc7 19. g4 f5 20. Qe1 b4 21. d4 bxc3 22. bxc3 Qa5 23. Rb1 Rab8 24. gxf5 gxf5 25. Qd2 cxd4 26. Nxd4 Nxd4 27. Bxd4 e5 28. Bb6 1-0

[Event "Velika Gorica op 10th"]
[Site "Velika Gorica"]
[Date "2012.08.21"]
[Round "2"]
[White "Hibner, Branko"]
[Black "Mihalinec, Damir"]
[Result "0-1"]
[WhiteElo "2025"]
[BlackElo "2207"]
[PlyCount "166"]
[EventDate "2012.08.20"]
[EventType "swiss"]
[EventRounds "9"]
[EventCountry "CRO"]
[SourceTitle "CBM 150 Extra"]
[Source "ChessBase"]
[SourceDate "2012.10.19"]
[SourceVersion "1"]
[SourceVersionDate "2012.10.19"]
[SourceQuality "1"]

1. d4 Nf6 2. c4 g6 3. g3 Bg7 4. Bg2 0-0 5. Nc3 d6 6. Nf3 Nbd7 7. 0-0 c6 8. Qc2 a6 9. a4 Re8 10. Bg5 h6 11. Bxf6 Nxf6 12. e4 Qa5 13. Rab1 Qh5 14. d5 Bg4 15. Qd3 Nd7 16. Nd2 cxd5 17. Nxd5 Be2 18. Qe3 Bxf1 19. Bxf1 Rac8 20. Be2 Bd4 21. Qxd4 Qxe2 22. Nf4 Qg4 23. h3 Qg5 24. Nd5 e6 25. h4 Qd8 26. Ne3 Ne5 27. f4 Nc6 28. Qc3 Qb6 29. Kg2 Qd4 30. Qxd4 Nxd4 31. Kf2 Kg7 32. g4 b5 33. axb5 axb5 34. cxb5 Re7 35. Ndc4 Nxb5 36. Rd1 Rb7 37. f5 e5 38. Rd2 Ra7 39. g5 hxg5 40. hxg5 Rh8 41. f6+ Kg8 42. Ng4 Rh5 43. Rd5 Rxg5 44. Ngxe5 dxe5 45. Rxb5 Ra6 46. Nxe5 Rxf6+ 47. Ke3 Kg7 48. Rd5 Rg3+ 49. Kd4 Rb3 50. Nc4 Rff3 51. Kc5 Rf4 52. e5 g5 53. e6 fxe6 54. Rxg5+ Kf6 55. Rg8 Kf7 56. Rc8 Rf5+ 57. Kd4 Rd5+ 58. Ke4 Rb4 59. Ke3 Rh5 60. Kd4 Rh3 61. Kc5 Rbb3 62. Kd4 Ke7 63. Rc7+ Kf6 64. Rc8 e5+ 65. Kd5 Rhd3+ 66. Kc5 e4 67. Rf8+ Kg5 68. Rg8+ Kf4 69. Rf8+ Kg3 70. Rg8+ Kf2 71. Rf8+ Rf3 72. Re8 e3 73. Ne5 Rf5 74. Kc4 Rxe5 75. Rxe5 Rxb2 76. Kd3 Rd2+ 77. Kc3 Ke2 78. Re8 Rd3+ 79. Kc2 Rd7 80. Rc8 Ke1 81. Re8 e2 82. Re6 Rc7+ 83. Kd3 Kd1 0-1

[Event "CRO-chT2 Center"]
[Site "Zagreb"]
[Date "2012.04.01"]
[Round "6.64"]
[White "Vukusic, Marin"]
[Black "Hibner, Branko"]
[Result "1-0"]
[WhiteElo "2122"]
[BlackElo "2044"]
[PlyCount "117"]
[EventDate "2012.03.18"]
[EventType "team-swiss"]
[EventRounds "11"]
[EventCountry "CRO"]
[SourceTitle "EXT 2014"]
[Source "ChessBase"]
[SourceDate "2013.11.20"]
[SourceVersion "1"]
[SourceVersionDate "2013.11.20"]
[SourceQuality "1"]

1. e4 c5 2. Nf3 e6 3. Nc3 Nc6 4. b3 Nf6 5. Bb2 e5 6. Bb5 d6 7. Bxc6+ bxc6 8. Qe2 Be7 9. d3 0-0 10. 0-0 Bg4 11. h3 Bd7 12. Nd1 Ne8 13. Ne3 Nc7 14. c3 Ne6 15. d4 Nf4 16. Qd1 cxd4 17. cxd4 f6 18. Kh2 Qc7 19. Rc1 Qb7 20. Rc2 Rac8 21. Rd2 Rcd8 22. Ng1 exd4 23. Rxd4 c5 24. Rd2 Qxe4 25. Re1 Ng6 26. Nd5 Qf5 27. Nxe7+ Nxe7 28. Rxe7 Bc6 29. Qg4 Qxg4 30. hxg4 Rf7 31. Rxf7 Kxf7 32. Kg3 Rd7 33. f3 a5 34. Ne2 a4 35. bxa4 Bxa4 36. Kf2 Bc6 37. a3 Ke7 38. Ng3 d5 39. Rc2 c4 40. Ke3 Rb7 41. Nf5+ Kf8 42. Bc3 Rb1 43. Kd4 g6 44. Ne3 Kf7 45. Nxd5 Rd1+ 46. Rd2 Rb1 47. Kxc4 f5 48. gxf5 gxf5 49. Kc5 Ba4 50. Nf4 Rb5+ 51. Kc4 Rb8 52. Rd6 Bb3+ 53. Kd4 Rc8 54. Bb4 Bc2 55. Rd7+ Kf6 56. Rxh7 Rd8+ 57. Ke3 Re8+ 58. Kd2 Bb3 59. Bc3+ 1-0

[Event "CRO-chT2 Center"]
[Site "Zagreb"]
[Date "2012.03.18"]
[Round "2.55"]
[White "Komljenovic, Tihomir"]
[Black "Hibner, Branko"]
[Result "1/2-1/2"]
[WhiteElo "2068"]
[BlackElo "2044"]
[PlyCount "31"]
[EventDate "2012.03.18"]
[EventType "team-swiss"]
[EventRounds "11"]
[EventCountry "CRO"]
[SourceTitle "EXT 2014"]
[Source "ChessBase"]
[SourceDate "2013.11.20"]
[SourceVersion "1"]
[SourceVersionDate "2013.11.20"]
[SourceQuality "1"]

1. e4 c5 2. Nf3 e6 3. d4 cxd4 4. Nxd4 Nc6 5. Nb5 d6 6. Bf4 e5 7. Be3 a6 8. N5c3 Nf6 9. Bg5 Be6 10. Nd5 Bxd5 11. exd5 Qa5+ 12. Nc3 Nd4 13. Bxf6 gxf6 14. Bd3 h5 15. 0-0 0-0-0 16. f4 1/2-1/2

[Event "CRO-chT2 Center"]
[Site "Croatia"]
[Date "2011.10.02"]
[Round "7.56"]
[White "Rancic, Drago"]
[Black "Hibner, Branko"]
[Result "0-1"]
[WhiteElo "2096"]
[BlackElo "2033"]
[PlyCount "47"]
[EventDate "2011.03.20"]
[EventType "team-tourn"]
[EventRounds "11"]
[EventCountry "CRO"]
[SourceTitle "EXT 2014"]
[Source "ChessBase"]
[SourceDate "2013.11.20"]
[SourceVersion "1"]
[SourceVersionDate "2013.11.20"]
[SourceQuality "1"]

1. e4 c5 2. Nf3 Nc6 3. d4 cxd4 4. Nxd4 Nf6 5. Nc3 e6 6. a3 Be7 7. Bb5 Qc7 8. Be3 a6 9. Be2 0-0 10. 0-0 b5 11. g4 Bb7 12. g5 Ne8 13. f4 Nd6 14. f5 Nc4 15. Bxc4 bxc4 16. f6 Bc5 17. fxg7 Rfd8 18. Rxf7 Qe5 19. Nd5 exd5 20. Rf5 Bxd4 21. Rxe5 Bxe3+ 22. Kh1 Nxe5 23. Qe2 d4 24. Qg2 0-1

[Event "Velika Gorica op 9th"]
[Site "Velika Gorica"]
[Date "2010.08.26"]
[Round "4"]
[White "Ivekovic, Bozidar"]
[Black "Hibner, Branko"]
[Result "1-0"]
[WhiteElo "2115"]
[BlackElo "2041"]
[PlyCount "135"]
[EventDate "2010.08.23"]
[EventType "swiss"]
[EventRounds "9"]
[EventCountry "CRO"]
[SourceTitle "CBM 138 Extra"]
[Source "ChessBase"]
[SourceDate "2010.10.29"]
[SourceVersion "1"]
[SourceVersionDate "2010.10.29"]
[SourceQuality "1"]

1. e4 c6 2. d4 d5 3. exd5 cxd5 4. c4 Nf6 5. Nc3 Nc6 6. Nf3 e6 7. cxd5 Nxd5 8. Bd3 Be7 9. 0-0 0-0 10. Be3 Bf6 11. Qe2 g6 12. Nxd5 exd5 13. Bb5 Bg4 14. Bxc6 bxc6 15. h3 Bxf3 16. Qxf3 Re8 17. Rfc1 Re6 18. Qd1 Qb6 19. Rc2 Rc8 20. Rac1 Re4 21. Rc5 Qa6 22. b4 Be7 23. b5 Qxa2 24. Rxc6 Re8 25. Ra6 Qb2 26. Qd3 Bh4 27. Rb1 Rxe3 28. fxe3 Qf2+ 29. Kh1 Rxe3 30. Qf1 Qxf1+ 31. Rxf1 Re7 32. Rd6 Bg3 33. Rxd5 h5 34. Rd1 Bc7 35. Rc5 Kg7 36. Rc6 Rd7 37. d5 Bd6 38. Rg1 Bb8 39. d6 Kf6 40. Rf1+ Kg7 41. Re1 Rxd6 42. Rxd6 Bxd6 43. Ra1 Bc5 44. Rc1 Bb6 45. Rc6 h4 46. Kh2 Bf2 47. Rc2 Bg3+ 48. Kg1 Bf4 49. Rc4 Be3+ 50. Kf1 g5 51. Ke2 Bg1 52. Kf3 Kg6 53. Ke4 f5+ 54. Ke5 Bh2+ 55. Ke6 Bg1 56. Rc8 Bd4 57. Rg8+ Bg7 58. Ra8 Bd4 59. Kd5 Be3 60. Ke5 Bf4+ 61. Ke6 Be3 62. Rf8 f4 63. Rg8+ Kh7 64. Kf7 f3 65. gxf3 Bf4 66. Rg7+ Kh6 67. Rg6+ Kh7 68. Kf6 1-0

[Event "Zagreb op-B"]
[Site "Zagreb"]
[Date "2010.02.26"]
[Round "2"]
[White "Dulic, Grgur"]
[Black "Hibner, Branko"]
[Result "1-0"]
[WhiteElo "2192"]
[BlackElo "2052"]
[PlyCount "75"]
[EventDate "2010.02.25"]
[EventType "swiss"]
[EventRounds "9"]
[EventCountry "CRO"]
[SourceTitle "CBM 135 Extra"]
[Source "ChessBase"]
[SourceDate "2010.05.04"]
[SourceVersion "1"]
[SourceVersionDate "2010.05.04"]
[SourceQuality "1"]

1. e4 c5 2. Nf3 Nc6 3. d4 cxd4 4. Nxd4 Nf6 5. Nc3 e6 6. Ndb5 d6 7. Bf4 e5 8. Bg5 a6 9. Na3 Be6 10. Nc4 Rc8 11. Nd5 Bxd5 12. Bxf6 Qxf6 13. Qxd5 Be7 14. c3 0-0 15. Nb6 Rc7 16. Bc4 Qg6 17. 0-0 Rd8 18. Rfd1 Bf8 19. b4 Ne7 20. Qd3 Rc6 21. Nd5 Rdc8 22. Bb3 Nxd5 23. Qxd5 b5 24. Rac1 Rxc3 25. Rxc3 Rxc3 26. Qb7 h5 27. h3 h4 28. Qxa6 Rxh3 29. Qxb5 Rc3 30. Qe2 h3 31. g3 d5 32. Rxd5 h2+ 33. Kxh2 Rc1 34. Kg2 Qh6 35. Rd1 Bxb4 36. Rxc1 Qxc1 37. Qb5 Qe1 38. Qxe5 1-0

[Event "CRO-chT2b"]
[Site "Croatia"]
[Date "2009.10.18"]
[Round "8"]
[White "Bedic, Zeljko"]
[Black "Hibner, Branko"]
[Result "1-0"]
[WhiteElo "2141"]
[BlackElo "2070"]
[PlyCount "53"]
[EventDate "2009.03.01"]
[EventType "team-tourn"]
[EventRounds "11"]
[EventCountry "CRO"]
[SourceTitle "EXT 2011"]
[Source "ChessBase"]
[SourceDate "2010.11.26"]
[SourceVersion "1"]
[SourceVersionDate "2010.11.26"]
[SourceQuality "1"]

1. c4 c5 2. Nc3 Nc6 3. g3 g6 4. Bg2 Bg7 5. e3 e6 6. Nge2 Nge7 7. 0-0 0-0 8. d4 cxd4 9. exd4 d5 10. cxd5 exd5 11. Be3 Bg4 12. Qd2 Qd7 13. Nf4 Be6 14. Rfe1 Rfe8 15. Rad1 Rad8 16. a3 a6 17. Na4 Qd6 18. Nxe6 Qxe6 19. Bg5 Qf5 20. Nc5 Qc8 21. Rc1 b6 22. Na4 Qb7 23. Qf4 Rc8 24. Bxe7 Rxe7 25. Bxd5 Rxe1+ 26. Rxe1 g5 27. Qxg5 1-0

[Event "CRO-chT2b"]
[Site "Croatia"]
[Date "2009.03.08"]
[Round "3"]
[White "Blagojevic, Stanislav"]
[Black "Hibner, Branko"]
[Result "0-1"]
[WhiteElo "2063"]
[BlackElo "2061"]
[PlyCount "104"]
[EventDate "2009.03.01"]
[EventType "team-tourn"]
[EventRounds "11"]
[EventCountry "CRO"]
[SourceTitle "EXT 2010"]
[Source "ChessBase"]
[SourceDate "2010.11.25"]
[SourceVersion "1"]
[SourceVersionDate "2010.11.25"]
[SourceQuality "1"]

1. e4 c5 2. Nf3 Nc6 3. d4 cxd4 4. Nxd4 Nf6 5. Nc3 e6 6. Nxc6 dxc6 7. Qxd8+ Kxd8 8. Bg5 Be7 9. 0-0-0+ Bd7 10. e5 Ng4 11. Bxe7+ Kxe7 12. Re1 Nxf2 13. Rg1 Ng4 14. h3 Nh6 15. g4 Rad8 16. Ne4 Bc8 17. Bd3 Rd5 18. Nd6 g6 19. Rgf1 f5 20. Bc4 Ra5 21. c3 b5 22. b4 Ra6 23. Bb3 Rb6 24. Rd1 c5 25. bxc5 Rc6 26. Nxb5 Rxc5 27. c4 Bd7 28. Nc3 Rxe5 29. g5 Nf7 30. h4 h6 31. gxh6 Rxh6 32. Rd4 Re3 33. Kc2 Rh3 34. Rfd1 Bc6 35. Nb5 R6xh4 36. Nxa7 Be4+ 37. Kb2 Ne5 38. Nc8+ Kf6 39. Rd8 Nd3+ 40. Ka3 Rh8 41. Rxh8 Rxh8 42. Nd6 Ra8+ 43. Ba4 Nc5 44. Nxe4+ Nxe4 45. Kb4 Rxa4+ 46. Kxa4 Nc3+ 47. Kb4 Nxd1 48. a4 Ke7 49. a5 Kd7 50. a6 Kc7 51. c5 Ne3 52. Kb5 Nd5 0-1

[Event "Zagreb op-B"]
[Site "Zagreb"]
[Date "2008.05.17"]
[Round "6"]
[White "Hibner, Branko"]
[Black "Vrsek, Ivan"]
[Result "1-0"]
[WhiteElo "2075"]
[BlackElo "2196"]
[PlyCount "119"]
[EventDate "2008.05.12"]
[EventType "swiss"]
[EventRounds "9"]
[EventCountry "CRO"]
[SourceTitle "CBM 124 Extra"]
[Source "ChessBase"]
[SourceDate "2008.07.03"]
[SourceVersion "1"]
[SourceVersionDate "2008.07.03"]
[SourceQuality "1"]

1. c4 e5 2. g3 Nf6 3. Bg2 d5 4. cxd5 Nxd5 5. Nc3 Nb6 6. Nf3 Nc6 7. d3 Be7 8. 0-0 0-0 9. a3 Re8 10. Be3 Bf8 11. Rc1 Nd4 12. a4 a5 13. Nb5 Nxb5 14. axb5 Nd5 15. Bc5 f6 16. Nd2 Be6 17. Ne4 b6 18. Bxf8 Kxf8 19. Nc3 Ra7 20. Nxd5 Bxd5 21. Bxd5 Qxd5 22. Qa4 e4 23. Rfd1 e3 24. f4 Qh5 25. Re1 Re7 26. Rc6 Ra8 27. Qc4 Qf7 28. Rc1 Qxc4 29. R1xc4 a4 30. Kg2 Ra5 31. Rxc7 Rxc7 32. Rxc7 Rxb5 33. Rc2 Ke7 34. Kf3 Kd6 35. Kxe3 Kd5 36. Rc4 Rxb2 37. Rxa4 b5 38. Ra7 b4 39. Rxg7 b3 40. Rb7 Kc5 41. g4 Kd5 42. h4 Kc6 43. Rb8 Rb1 44. g5 Kd5 45. h5 fxg5 46. fxg5 b2 47. Kd2 Rh1 48. Rxb2 Rxh5 49. Rb5+ Ke6 50. e4 Kf7 51. Rd5 Rh3 52. Kc3 h5 53. gxh6 Ke7 54. Ra5 Rxh6 55. Ra7+ Kd8 56. Kc4 Rh5 57. d4 Rg5 58. d5 Re5 59. Kd4 Rh5 60. Kc5 1-0

[Event "Zagreb op"]
[Site "Zagreb"]
[Date "2007.03.22"]
[Round "6"]
[White "Hibner, Branko"]
[Black "Pandurevic, Miro"]
[Result "0-1"]
[WhiteElo "2114"]
[BlackElo "2266"]
[PlyCount "100"]
[EventDate "2007.03.17"]
[EventType "swiss"]
[EventRounds "9"]
[EventCountry "CRO"]
[SourceTitle "CBM 117 Extra"]
[Source "ChessBase"]
[SourceDate "2007.05.09"]
[SourceVersion "1"]
[SourceVersionDate "2007.05.09"]
[SourceQuality "1"]

1. Nf3 Nf6 2. c4 g6 3. Nc3 d6 4. g3 Bg7 5. Bg2 0-0 6. 0-0 c6 7. d3 a6 8. a3 h6 9. Qc2 e5 10. Nd2 Be6 11. e4 Nh5 12. b4 f5 13. f3 Nf6 14. Nb3 Nbd7 15. Be3 Qe7 16. Na5 d5 17. cxd5 cxd5 18. exd5 Nxd5 19. Nxd5 Bxd5 20. Rac1 f4 21. Bf2 fxg3 22. Bxg3 b6 23. Nc4 Rac8 24. Qe2 b5 25. Ne3 Bb7 26. Ng4 h5 27. Nf2 h4 28. Rxc8 Bxc8 29. f4 hxg3 30. Bd5+ Kh8 31. hxg3 Nf6 32. Bf3 Ng8 33. Kg2 Bf6 34. Be4 exf4 35. Rh1+ Kg7 36. Rh7+ Kxh7 37. Qh5+ Nh6 38. Qxg6+ Kh8 39. Qxh6+ Kg8 40. Bd5+ Rf7 41. Ne4 f3+ 42. Kf1 Be6 43. Qg6+ Kf8 44. Qh6+ Ke8 45. Bc6+ Kd8 46. Qe3 Qc7 47. Nxf6 Qxc6 48. Qd4+ Ke7 49. Ng8+ Kf8 50. Qh8 Qc1+ 0-1

[Event "Velika Gorica op 5th"]
[Site "Velika Gorica"]
[Date "2005.08.26"]
[Round "8"]
[White "Hibner, Branko"]
[Black "Lasic, Luka"]
[Result "0-1"]
[WhiteElo "2095"]
[BlackElo "2308"]
[PlyCount "90"]
[EventDate "2005.08.20"]
[EventType "swiss"]
[EventRounds "9"]
[EventCountry "CRO"]
[SourceTitle "CBM 108 Extra"]
[Source "ChessBase"]
[SourceDate "2005.11.04"]
[SourceVersion "1"]
[SourceVersionDate "2005.11.04"]
[SourceQuality "1"]

1. c4 e5 2. g3 Nf6 3. Bg2 Bc5 4. e3 0-0 5. Ne2 Nc6 6. a3 a5 7. Nbc3 d6 8. d4 Bb6 9. 0-0 Bg4 10. d5 Nb8 11. h3 Bd7 12. Kh2 Na6 13. Bd2 Qe8 14. Qc2 a4 15. Nc1 Nc5 16. b4 axb3 17. Nxb3 Ba4 18. Nxa4 Qxa4 19. Rfb1 Ra7 20. Bb4 Nfd7 21. Qc3 Rfa8 22. g4 h6 23. Nd2 Nf6 24. Kg3 Ba5 25. h4 Qd7 26. f3 e4 27. Bxa5 Rxa5 28. g5 exf3 29. Bxf3 hxg5 30. hxg5 Nh7 31. Bg4 Qe7 32. g6 fxg6 33. Rf1 Nf6 34. Bf3 b6 35. Ra2 Re8 36. e4 Nh5+ 37. Bxh5 gxh5 38. Qf3 Rf8 39. Qxf8+ Qxf8 40. Rxf8+ Kxf8 41. Kh4 g6 42. Ra1 Kg7 43. Kg5 Ra8 44. e5 dxe5 45. Nf3 Rf8 0-1

[Event "CRO-chT2 Center"]
[Site "Zagreb"]
[Date "2005.05.15"]
[Round "5.6"]
[White "Vidovic, Mario"]
[Black "Hibner, Branko"]
[Result "1-0"]
[WhiteElo "2118"]
[BlackElo "2095"]
[PlyCount "95"]
[EventDate "2005.04.03"]
[EventType "team-tourn"]
[EventRounds "11"]
[EventCountry "CRO"]
[SourceTitle "EXT 2007"]
[Source "ChessBase"]
[SourceDate "2006.11.23"]
[SourceVersion "1"]
[SourceVersionDate "2006.11.23"]
[SourceQuality "1"]

1. e4 c6 2. d4 d5 3. e5 g6 4. Bd3 Bg7 5. Ne2 Na6 6. c3 Nc7 7. 0-0 Nh6 8. Ng3 0-0 9. h4 f5 10. Ne2 Nf7 11. Nd2 Ne6 12. Nf3 Bh6 13. Nh2 Bxc1 14. Qxc1 Ng7 15. Nf4 e6 16. Nf3 Bd7 17. Qd2 Qe7 18. c4 g5 19. hxg5 Nxg5 20. Nxg5 Qxg5 21. Qe3 Nh5 22. Nxh5 Qxh5 23. Qf4 dxc4 24. Bxc4 Qg4 25. Qxg4+ fxg4 26. f4 gxf3 27. Rxf3 Rxf3 28. gxf3 Rf8 29. Kf2 Rf4 30. Ke3 Rf5 31. Rg1+ Kh8 32. b4 b5 33. Bd3 Rh5 34. a4 a6 35. axb5 axb5 36. Be4 Rh2 37. Ra1 Rg2 38. Ra7 Rg7 39. Rc7 Be8 40. Rc8 Rg8 41. Bxc6 Bxc6 42. Rxc6 Rg6 43. d5 Kg7 44. Rxe6 Rg1 45. Re7+ Kg6 46. d6 Rd1 47. d7 h5 48. e6 1-0

[Event "Velika Gorica op 2nd"]
[Site "Velika Gorica"]
[Date "2002.06.22"]
[Round "1"]
[White "Cebalo, Miso"]
[Black "Hibner, Branko"]
[Result "1-0"]
[WhiteElo "2515"]
[BlackElo "2156"]
[PlyCount "45"]
[EventDate "2002.06.22"]
[EventType "swiss"]
[EventRounds "9"]
[EventCountry "CRO"]
[SourceTitle "CBM 089 Extra"]
[Source "ChessBase"]
[SourceDate "2002.09.10"]
[SourceVersion "2"]
[SourceVersionDate "2002.09.10"]
[SourceQuality "1"]

1. d4 d5 2. c4 c6 3. Nf3 e6 4. Nc3 dxc4 5. a4 Bb4 6. e3 b5 7. Bd2 a5 8. axb5 Bxc3 9. Bxc3 cxb5 10. b3 Bb7 11. bxc4 b4 12. Bb2 Nf6 13. Bd3 Nbd7 14. Qc2 Qc7 15. 0-0 Bxf3 16. gxf3 g5 17. Rfd1 h5 18. d5 exd5 19. cxd5 Qxc2 20. Bxc2 Rh6 21. Ba4 Kd8 22. Bd4 Nxd5 23. e4 1-0